Doğu Anadolu ve Erzincan (Record no. 10304)

MARC details
000 -BAŞLIK
Sabit Uzunlukta Kontrol Alanı 00981na a2200265 4500
001 - KONTROL NUMARASI
Denetim Alanı 23648
003 - KONTROL NUMARASI IDENTIFIER
Denetim Alanı MIRAKIL
005 - SON İŞLEM TARİHİ VE ZAMANI
Denetim Alanı 20181213155314.0
008 - SABİT-BOY VERİ ELEMANLARI - GENEL BİLGİLER
Sabit Uzunlukta Kontrol Alanı 171116b tu 000 0
020 ## - ULUSLARARASI STANDART KİTAP NUMARASI
Uluslararası Standart Kitap Numarası 9757565431
040 ## - KATALOGLAMA KAYNAK
Orijinal Kataloglama Ajansı Milas
Kataloglama Dili tur
Metne Dönüştürmek Ajansı TR-AnCHP
041 ## - DİL KODU
Metin / Ses Parça Veya Ayrı Başlığın Dil Kodu tur
082 ## - DEWEY ONLU SINIFLANDIRMA NUMARASI
Sınıflandırma Numarası 956.624
Ürün Numarası Y28d 1994
090 ## - SINIFLAMA NUMARASI
Sınıflama Numarası 956.624 Y28d 1994
100 ## - ANA GİRİŞ - KİŞİSEL İSİM
Kişisel Ad Yavi, Ersal
245 ## - BAŞLIK TABLOSU
Başlık Doğu Anadolu ve Erzincan
Başlığın Kalan Eskiçağdan günümüze Doğu Anadolu Bölgesi'nin geri kalmışlığı üzerine bir derleme
Sorumluluk Tablosu, Vb Ersal Yavi
246 ## - UNVAN FORM VARYING
Başlık Doğru / Kısa Başlığı Eskiçağdan günümüze Doğu Anadolu Bölgesi'nin geri kalmışlığı üzerine bir derleme
260 ## - YAYIN, DAĞITIM, VB
Yayın, Dağıtım, Vb Yeri Ankara
Yayıncı, Dağıtıcı, Vs Adı T.C. Erzincan Valiliği İl Özel İdaresi
Yayın, Dağıtım, Vb Tarihi 1994
Üretici Firma Özyurt Matbaacılık
300 ## - FİZİKSEL TANIM
Kapsam 303 s.
Boyutlar 24 sm.
504 ## - KAYNAKÇA VB NOT
Kaynakça Vb Notu Kaynakça var.
650 ## - KONU KATMA GİRİŞ - TOPİKAL DÖNEM
Topikal Süreli Veya Coğrafi Ad Giriş Elemanı Türkiye
Genel Alt Bölümü Doğu Anadolu
651 ## - KONU KATMA GİRİŞ - COĞRAFİ ADI
Coğrafi İsim Erzincan
Genel Alt Bölümü Tarih
740 ## - KATMA GİRİŞ - KONTROLSUZ İLGİLİ / ANALİTİK BAŞLIK
Kontrol Edilmeyen / İlgili Analitik Başlıktaki Eskiçağdan günümüze Doğu Anadolu Bölgesi'nin geri kalmışlığı üzerine bir derleme
942 ## - EKLENDİ GİRİŞ ELEMANLARI (KOHA)
Sınıflandırma Veya Raf Düzeni Kaynak
Koha Öğesi Türü Books
999 ## - SİSTEM KONTROL NUMARALARI (KOHA)
Koha Biblionumber 10304
Koha Biblioitemnumber 10304
Holdings
Kalıcı Konum Mevcut Konum Edinme Tarihi Edinim Kaynak Toplam Check-Out'Lar Tam Çağrı Numarası Barkod Tarih Son Görülme İtibaren Geçerli Fiyatlar Koha Öğesi Türü
CHP Kütüphanesi CHP Kütüphanesi 11/16/2017 Bağış   956.624 Y28d 1994 017638 11/16/2017 11/16/2017 Books